000 01142cam a2200313 a 4500
001 2817
005 20240116101332.0
020 _a0761317902
020 _a9780439829397
020 _a0761328661 (lib. bdg.)
040 _aDLC
_cDLC
_dDLC
_beng
050 0 0 _aPZ7.S969895
_bIt 2003
082 0 0 _a813.6
_221
100 1 _aSwallow, Pamela Curtis
245 1 0 _aIt only looks easy /
_cPamela Curtis Swallow
250 _aFirst Scholastic printing, November 2005
260 _aBrookfield :
_bSchoalstic,
_c2003
300 _a168 pages ;
_c20 cm
505 _aM
520 _aOn the first day of seventh grade when Kat "borrows" a bicycle to go see her dog who was hit the day before by a woman with Alzheimer's disease, she learns about the serious consequences of impetuous actions and manages to make some new friends in the process.
521 _a670
_bLexile
521 _aM
_bRaz-Plus
650 1 _aInterpersonal relations
_vFiction.
650 1 _aSchools
_vFiction.
650 1 _aConduct of life
_vFiction.
650 1 _aAlzheimer's disease
_vFiction.
906 _a7
_bcbc
_corignew
_d1
_eecip
_f20
_gy-gencatlg
942 _2ddc
_cBK
_n0
999 _c2817
_d2817